00346nam a2200145Ia 4500003000400000008004100004040001600045082001600061100001900077245002800096260004000124300000900164650000900173650001800182GCL140319s9999 xx 000 0 eng d aGCL / cGCL04a751.45bG O1 aGALTON, JEREMY10aOILS / cGALTON, JEREMY a[S.N] : bTHE APPLE PRESS ، c1995 a64 P04aOILS04aCOLOUR MIXING